[Event "XV C.to Mondiale seniores femminile"]
[Site "Lignano Sabbiadoro ITA"]
[Date "2005.09.28"]
[Round "1"]
[White "Saunina, Ludmila"]
[Black "Sotter, Gerlinde"]
[Result "1-0"]
[WhiteElo "2279"]
[BlackElo "1896"]
[PlyCount "95"]
[EventDate "2005.09.28"]

1. e4 e6 2. d4 d5 3. Nd2 Nf6 4. e5 Nfd7 5. Bd3 c5 6. c3 Nc6 7. Ne2 cxd4 8. cxd4
Be7 9. O-O O-O 10. Nf3 f6 11. exf6 Bxf6 12. Nf4 Re8 13. Bb1 Nf8 14. Re1 Bd7 15.
Nh5 g6 16. Nxf6+ Qxf6 17. Bg5 Qg7 18. Qd2 Rac8 19. a3 a6 20. Ba2 Nd8 21. Ne5
Bc6 22. Qf4 Nf7 23. Ng4 Nxg5 24. Nf6+ Kh8 25. Nxe8 Rxe8 26. Qxg5 Qxd4 27. Qe5+
Qxe5 28. Rxe5 Nd7 29. Ree1 e5 30. f4 e4 31. Rad1 Nf6 32. g4 Nxg4 33. Bxd5 Nf6
34. Bxc6 bxc6 35. Rd6 Nd5 36. Rxc6 Nxf4 37. Rxa6 e3 38. Rd6 e2 39. a4 Rb8 40.
Rd4 g5 41. b4 Nh3+ 42. Kg2 Nf4+ 43. Kg3 Rf8 44. b5 Re8 45. b6 Re3+ 46. Kf2 Rb3
47. a5 Rb2 48. Rxf4 1-0

[Event "XV C.to Mondiale seniores femminile"]
[Site "Lignano Sabbiadoro ITA"]
[Date "2005.09.28"]
[Round "1"]
[White "Tomba, Patrizia"]
[Black "Epstein, Esther"]
[Result "0-1"]
[WhiteElo "1622"]
[BlackElo "2173"]
[PlyCount "34"]
[EventDate "2005.09.28"]

1. e4 c5 2. d4 cxd4 3. c3 d3 4. Bxd3 g6 5. Nf3 Bg7 6. O-O Nc6 7. Be3 Nf6 8. h3
O-O 9. Qd2 d5 10. exd5 Qxd5 11. Bc2 Qh5 12. Na3 Bxh3 13. gxh3 Qxf3 14. Kh2 Ng4+
15. hxg4 Be5+ 16. Kg1 Qxg4+ 17. Kh1 Qh3+ 0-1

[Event "XV C.to Mondiale seniores femminile"]
[Site "Lignano Sabbiadoro ITA"]
[Date "2005.09.29"]
[Round "2"]
[White "Epstein, Esther"]
[Black "Saunina, Ludmila"]
[Result "1/2-1/2"]
[WhiteElo "2173"]
[BlackElo "2279"]
[PlyCount "137"]
[EventDate "2005.09.28"]

1. e4 c5 2. c3 d5 3. exd5 Qxd5 4. d4 g6 5. Nf3 Bg7 6. dxc5 Qxc5 7. Be3 Qc7 8.
Nbd2 Nf6 9. Bc4 O-O 10. O-O Nc6 11. Re1 Ng4 12. Qe2 Nxe3 13. Qxe3 h6 14. Bb3 b6
15. Nc4 Be6 16. Nce5 Bxb3 17. axb3 e6 18. Nxc6 Qxc6 19. Ra4 Qd5 20. Rb4 Rfd8
21. h4 Rac8 22. Ra1 Rd7 23. Qe4 Qxe4 24. Rxe4 h5 25. Kf1 Kf8 26. Ke2 Ke7 27.
Rea4 Rcc7 28. Rd1 Rxd1 29. Kxd1 f5 30. Kc2 e5 31. Ra1 e4 32. Re1 Bf6 33. g3 Kf7
34. Nd2 Bd4 35. Re2 b5 36. b4 Bb6 37. Nb3 Rd7 38. Nc5 Rd5 39. c4 Rd4 40. b3 a6
41. Kc3 Bxc5 42. bxc5 Rd3+ 43. Kc2 bxc4 44. bxc4 Ke7 45. Re1 Kd7 46. Ra1 Kc6
47. Ra5 Rf3 48. Rxa6+ Kxc5 49. Rxg6 Rxf2+ 50. Kc3 Rf3+ 51. Kd2 Kxc4 52. Rg8 Kd4
53. Rd8+ Ke5 54. Re8+ Kf6 55. Rg8 Kf7 56. Rg5 Ke6 57. Rg8 f4 58. gxf4 Rxf4 59.
Ke3 Rxh4 60. Re8+ Kf5 61. Rf8+ Kg4 62. Kxe4 Kg3+ 63. Ke3 Kg2 64. Rf2+ Kg1 65.
Ra2 Rg4 66. Kf3 Rg7 67. Ra5 h4 68. Rh5 Rg3+ 69. Kf4 1/2-1/2

[Event "XV C.to Mondiale seniores femminile"]
[Site "Lignano Sabbiadoro ITA"]
[Date "2005.09.29"]
[Round "2"]
[White "Erenska-Barlo, Hanna"]
[Black "Dekic, Biljana N."]
[Result "1-0"]
[WhiteElo "2247"]
[BlackElo "2134"]
[PlyCount "99"]
[EventDate "2005.09.28"]

1. e4 e6 2. Qe2 c5 3. Nf3 d6 4. b3 Nc6 5. Bb2 a6 6. g3 b5 7. Bg2 Bb7 8. O-O Qc7
9. Na3 e5 10. c3 b4 11. Nc4 a5 12. a3 bxc3 13. dxc3 Ba6 14. Nfd2 Nf6 15. Rfc1
Be7 16. b4 a4 17. Qd1 O-O 18. Ne3 Bc8 19. b5 Nd8 20. Rab1 Qb8 21. Ba1 Re8 22.
Bf1 Bb7 23. Qf3 Ne6 24. h4 c4 25. Nd5 Nxd5 26. exd5 Nc5 27. Bxc4 f5 28. Qxf5
Bc8 29. Qh5 g6 30. Qe2 Bf5 31. Rb4 Bf8 32. g4 Bd7 33. Ne4 Nxe4 34. Qxe4 Qd8 35.
g5 Bf5 36. Qg2 h6 37. Be2 hxg5 38. h5 Bh6 39. Bg4 Rf8 40. hxg6 Bxg6 41. c4 Rf4
42. c5 dxc5 43. Rxf4 exf4 44. Be6+ Kf8 45. Rxc5 Qd6 46. Qh3 Bg7 47. Bxg7+ Kxg7
48. Qc3+ Kh6 49. Rc6 Qf8 50. Qh3+ 1-0

[Event "XV C.to Mondiale seniores femminile"]
[Site "Lignano Sabbiadoro ITA"]
[Date "2005.09.29"]
[Round "2"]
[White "Fatalibekova, Elena"]
[Black "Shestoperova, Aleksandra S."]
[Result "1-0"]
[WhiteElo "2302"]
[BlackElo "2167"]
[PlyCount "39"]
[EventDate "2005.09.28"]

1. e4 d6 2. d4 g6 3. f4 c6 4. Nf3 Bg7 5. Nc3 Nf6 6. Bd3 a5 7. O-O O-O 8. f5 b5
9. Qe1 b4 10. Nd1 Ba6 11. Qh4 Bxd3 12. cxd3 gxf5 13. Bh6 Ng4 14. Bxg7 Kxg7 15.
Ng5 h6 16. Rxf5 Nf6 17. e5 dxe5 18. dxe5 Nh7 19. Rxf7+ Rxf7 20. Ne6+ 1-0

[Event "XV C.to Mondiale seniores femminile"]
[Site "Lignano Sabbiadoro ITA"]
[Date "2005.09.29"]
[Round "2"]
[White "Kabanova, Irina"]
[Black "Beliaeva, Natalia"]
[Result "1/2-1/2"]
[WhiteElo "2046"]
[BlackElo "2108"]
[PlyCount "36"]
[EventDate "2005.09.28"]

1. e4 c5 2. Nf3 d6 3. d4 cxd4 4. Nxd4 Nf6 5. Nc3 g6 6. f3 Bg7 7. Be3 O-O 8. Qd2
Nc6 9. O-O-O Nxd4 10. Bxd4 Be6 11. g4 Qa5 12. Kb1 Rfc8 13. Nd5 Qxd2 14. Nxf6+
Bxf6 15. Rxd2 Bxd4 16. Rxd4 Rc5 17. Be2 Rac8 18. c3 Bc4 1/2-1/2

[Event "XV C.to Mondiale seniores femminile"]
[Site "Lignano Sabbiadoro ITA"]
[Date "2005.09.29"]
[Round "2"]
[White "Sotter, Gerlinde"]
[Black "Tomba, Patrizia"]
[Result "1-0"]
[WhiteElo "1896"]
[BlackElo "1622"]
[PlyCount "135"]
[EventDate "2005.09.28"]

1. d4 Nf6 2. c4 g6 3. Nc3 Bg7 4. e4 d6 5. Be2 O-O 6. Nf3 e5 7. O-O Nc6 8. d5
Ne7 9. Ne1 Ne8 10. Be3 f5 11. f3 f4 12. Bf2 Kh8 13. c5 Bd7 14. Nd3 Nf6 15. Rc1
a6 16. Qb3 Rb8 17. cxd6 cxd6 18. Bb6 Qe8 19. Bc7 Ra8 20. Qxb7 Qc8 21. Qxc8 Nxc8
22. Ba5 g5 23. Nb4 Bb5 24. a4 Bxe2 25. Nxe2 Nd7 26. Rc3 Nc5 27. b3 Rf7 28. Nc6
Rb7 29. Bb4 Bf8 30. Bxc5 dxc5 31. Nd8 Rbb8 32. Ne6 Be7 33. Rb1 Nb6 34. Nxc5
Bxc5+ 35. Rxc5 Nxa4 36. Rc6 Nb6 37. Rbc1 Nd7 38. Rc7 Nf8 39. R1c3 Rd8 40. Nc1
Nd7 41. Nd3 Kg8 42. Nb4 Nb6 43. Nc6 Re8 44. Rb7 Nc8 45. Rb8 Nd6 46. Rxa8 Rxa8
47. Nxe5 Nb5 48. Rd3 Rc8 49. Nc4 Kf7 50. e5 Ke7 51. Kf2 Rd8 52. Ke2 Kf7 53. Na5
Rxd5 54. Nc4 Rxd3 55. Kxd3 Ke6 56. Ke4 Nc7 57. Nb6 Nb5 58. Na4 Nc7 59. Nc5+ Ke7
60. b4 Kf7 61. g3 fxg3 62. hxg3 h5 63. Kf5 h4 64. gxh4 gxh4 65. Kg4 Kg6 66. f4
h3 67. f5+ Kf7 68. Kxh3 1-0

[Event "XV C.to Mondiale seniores femminile"]
[Site "Lignano Sabbiadoro ITA"]
[Date "2005.09.30"]
[Round "3"]
[White "Beliaeva, Natalia"]
[Black "Epstein, Esther"]
[Result "0-1"]
[WhiteElo "2108"]
[BlackElo "2173"]
[PlyCount "99"]
[EventDate "2005.09.28"]

1. d4 Nf6 2. Nf3 e6 3. c4 c5 4. Nc3 cxd4 5. Nxd4 a6 6. e3 Be7 7. Be2 O-O 8. O-O
Qc7 9. Bd2 d6 10. Qc2 Nbd7 11. Rac1 Rb8 12. Rfd1 b6 13. e4 Bb7 14. f3 Rbc8 15.
Be3 Rfe8 16. Qd2 Qb8 17. Kh1 Bd8 18. Nc2 Bc7 19. Bf4 Ne5 20. Bg5 Nfd7 21. f4
Ng6 22. Rf1 Qa8 23. Bd3 Nc5 24. Rce1 Nxd3 25. Qxd3 f6 26. Bxf6 gxf6 27. Qg3 Kf7
28. Nd4 Rg8 29. Qh3 Nf8 30. f5 e5 31. Nc2 b5 32. cxb5 axb5 33. Nb4 Ba5 34. Qh5+
Kg7 35. a3 Bxb4 36. axb4 Rxc3 37. bxc3 Kh8 38. Qh4 Nd7 39. Rf3 d5 40. Rh3 Rg7
41. Rd1 dxe4 42. Re3 Qa2 43. g4 Qg8 44. h3 Qf7 45. Kh2 Nb6 46. Qf2 Nd5 47. Rg3
e3 48. Qc2 Qe8 49. Rxd5 Bxd5 50. Rxe3 0-1

[Event "XV C.to Mondiale seniores femminile"]
[Site "Lignano Sabbiadoro ITA"]
[Date "2005.09.30"]
[Round "3"]
[White "Dotan, Valeria"]
[Black "Dragasevic Georgieva, Antonina"]
[Result "1/2-1/2"]
[WhiteElo "2009"]
[BlackElo "2148"]
[PlyCount "69"]
[EventDate "2005.09.28"]

1. Nf3 Nf6 2. c4 d6 3. Nc3 e5 4. e4 c5 5. Be2 Be7 6. O-O h6 7. d3 Nc6 8. a3 O-O
9. Rb1 Bg4 10. b4 cxb4 11. axb4 Bxf3 12. Bxf3 Nd4 13. Be3 Nxf3+ 14. Qxf3 Nd7
15. Ra1 a6 16. Ra2 Bg5 17. Nd5 g6 18. Qe2 Bxe3 19. Qxe3 Kh7 20. g3 f5 21. exf5
Rxf5 22. f4 Nf6 23. Nxf6+ Qxf6 24. Qb6 Qe7 25. Re1 Raf8 26. b5 axb5 27. Qxb5
R8f7 28. Qb6 g5 29. fxe5 Rxe5 30. Rxe5 Qxe5 31. Rf2 Qe1+ 32. Kg2 Rxf2+ 33. Qxf2
Qe6 34. Qf3 Qd7 35. Qe4+ 1/2-1/2

[Event "XV C.to Mondiale seniores femminile"]
[Site "Lignano Sabbiadoro ITA"]
[Date "2005.09.30"]
[Round "3"]
[White "Erenska-Barlo, Hanna"]
[Black "Fatalibekova, Elena"]
[Result "1/2-1/2"]
[WhiteElo "2247"]
[BlackElo "2302"]
[PlyCount "66"]
[EventDate "2005.09.28"]

1. e4 c5 2. c3 Nf6 3. e5 Nd5 4. Nf3 e6 5. Bc4 d6 6. O-O dxe5 7. Nxe5 Be7 8. d4
cxd4 9. cxd4 O-O 10. a3 a6 11. Ba2 Nd7 12. Bxd5 exd5 13. Bf4 Nf6 14. Qb3 Ra7
15. Nc3 Be6 16. Rfe1 Nh5 17. Be3 Bg5 18. Ne2 Bxe3 19. Qxe3 Qd6 20. Rac1 Raa8
21. Qb3 Rac8 22. a4 b6 23. f3 g6 24. g4 Ng7 25. Nf4 f6 26. Ned3 a5 27. Kg2 g5
28. Ne2 Rfe8 29. Nc3 Kf7 30. Qa3 Qxa3 31. bxa3 Rc4 32. Red1 Rec8 33. Nb5 Ne8
1/2-1/2

[Event "XV C.to Mondiale seniores femminile"]
[Site "Lignano Sabbiadoro ITA"]
[Date "2005.09.30"]
[Round "3"]
[White "Saunina, Ludmila"]
[Black "Abdikasova, Panu"]
[Result "1-0"]
[WhiteElo "2279"]
[BlackElo "2041"]
[PlyCount "91"]
[EventDate "2005.09.28"]

1. e4 b6 2. d4 e6 3. c4 Bb7 4. Nc3 d6 5. f4 Nd7 6. Nf3 Be7 7. Bd3 c5 8. d5 e5
9. O-O Ngf6 10. Ne2 O-O 11. Ng3 Re8 12. Nf5 Bf8 13. fxe5 Nxe5 14. Nxe5 Rxe5 15.
Bf4 Re8 16. Qf3 Bc8 17. Bg5 Bxf5 18. Qxf5 Re5 19. Qf4 Be7 20. Bh4 Nxe4 21.
Qxf7+ Kh8 22. Bxe7 Qxe7 23. Qxe7 Rxe7 24. Rae1 Rae8 25. Rxe4 Rxe4 26. Bxe4 g6
27. Bd3 Kg7 28. Kf2 Re5 29. Re1 Kf6 30. Rxe5 Kxe5 31. Ke3 a6 32. h4 b5 33. cxb5
axb5 34. Bxb5 Kxd5 35. Kd3 Ke5 36. a4 d5 37. a5 Kd6 38. a6 Kc7 39. a7 Kb7 40.
Bc6+ Kxa7 41. Bxd5 Ka6 42. Kc4 Kb6 43. b3 h6 44. Be4 g5 45. hxg5 hxg5 46. g4
1-0

[Event "XV C.to Mondiale seniores femminile"]
[Site "Lignano Sabbiadoro ITA"]
[Date "2005.09.30"]
[Round "3"]
[White "Shestoperova, Aleksandra S."]
[Black "Kabanova, Irina"]
[Result "1/2-1/2"]
[WhiteElo "2167"]
[BlackElo "2046"]
[PlyCount "59"]
[EventDate "2005.09.28"]

1. e4 c5 2. Nf3 e6 3. d3 Nc6 4. g3 g6 5. Bg2 Bg7 6. O-O Nge7 7. c3 O-O 8. Re1
d6 9. Nbd2 Rb8 10. Nf1 b5 11. d4 cxd4 12. cxd4 Bb7 13. Be3 h6 14. Qd2 Kh7 15.
h4 Na5 16. Qd3 f5 17. exf5 Nxf5 18. N1d2 Nc4 19. b3 Ncxe3 20. fxe3 Nxg3 21. e4
Nh5 22. Rac1 a6 23. Qe3 Qe7 24. Rc2 Rbc8 25. Rec1 Rxc2 26. Rxc2 Rf7 27. e5 Nf4
28. Nf1 Qf8 29. N1h2 dxe5 30. dxe5 1/2-1/2

[Event "XV C.to Mondiale seniores femminile"]
[Site "Lignano Sabbiadoro ITA"]
[Date "2005.10.02"]
[Round "4"]
[White "Abdikasova, Panu"]
[Black "Beliaeva, Natalia"]
[Result "1-0"]
[WhiteElo "2041"]
[BlackElo "2108"]
[PlyCount "127"]
[EventDate "2005.09.28"]

1. d4 d5 2. Nf3 c6 3. c4 Bf5 4. e3 e6 5. Nc3 Nd7 6. Qb3 Qc7 7. Nh4 Bg6 8. Bd2
Be7 9. Nxg6 hxg6 10. h3 Ngf6 11. Be2 O-O 12. Rc1 dxc4 13. Bxc4 e5 14. Bd3 exd4
15. Nb5 Qe5 16. Nxd4 Nc5 17. Qc2 Nxd3+ 18. Qxd3 c5 19. Nf3 Qxb2 20. Rb1 Qxa2
21. Rxb7 Rfd8 22. Qb1 Qxb1+ 23. Rxb1 Ne4 24. Ba5 Rd5 25. Nd2 Nxd2 26. Bxd2 a5
27. Ke2 a4 28. Bc3 a3 29. Rb7 Bf6 30. Bxf6 gxf6 31. Rb5 Ra4 32. Ra1 Rb4 33. Ra5
Rb2+ 34. Kf3 Rdd2 35. R5xa3 f5 36. g4 Rxf2+ 37. Kg3 Rg2+ 38. Kf4 fxg4 39. hxg4
Rbf2+ 40. Kg5 Rf5+ 41. Kh4 Re5 42. Ra8+ Kg7 43. Rc8 Rc2 44. Kg3 Rc4 45. Kf3 Kf6
46. Rc7 g5 47. Raa7 Rce4 48. Rxf7+ Ke6 49. Rae7+ Kd5 50. Rxe5+ Rxe5 51. Rd7+
Kc4 52. e4 Re8 53. Ke3 Re5 54. Rd8 Kb5 55. Kd3 Re7 56. Rd5 Rg7 57. e5 Rf7 58.
e6 Re7 59. Re5 Kc6 60. Ke4 Kd6 61. Kf5 c4 62. Re1 c3 63. Rd1+ Kc5 64. Kf6 1-0

[Event "XV C.to Mondiale seniores femminile"]
[Site "Lignano Sabbiadoro ITA"]
[Date "2005.10.02"]
[Round "4"]
[White "Dekic, Biljana N."]
[Black "Saunina, Ludmila"]
[Result "0-1"]
[WhiteElo "2134"]
[BlackElo "2279"]
[PlyCount "49"]
[EventDate "2005.09.28"]

1. e4 c5 2. Nf3 d6 3. d4 cxd4 4. Nxd4 Nf6 5. Nc3 Nc6 6. f3 e5 7. Nb3 Be7 8. Be3
O-O 9. Qd2 a5 10. Na4 Be6 11. Nb6 Rb8 12. Nxa5 d5 13. Nxd5 Bxd5 14. exd5 Nxd5
15. Nb3 Nxe3 16. Qxe3 Bg5 17. Qc5 Rc8 18. Bd3 Nd4 19. Qb4 Rxc2 20. O-O Be3+ 21.
Kh1 Rxb2 22. Qc3 Nxb3 23. axb3 Bd4 24. Qc4 Qg5 25. g3 0-1

[Event "XV C.to Mondiale seniores femminile"]
[Site "Lignano Sabbiadoro ITA"]
[Date "2005.10.02"]
[Round "4"]
[White "Dragasevic Georgieva, Antonina"]
[Black "Shestoperova, Aleksandra S."]
[Result "1/2-1/2"]
[WhiteElo "2148"]
[BlackElo "2167"]
[PlyCount "86"]
[EventDate "2005.09.28"]

1. e4 c5 2. Nf3 a6 3. c3 e6 4. d4 cxd4 5. cxd4 d6 6. Nc3 Nf6 7. Bd3 Be7 8. Qe2
Nc6 9. e5 dxe5 10. dxe5 Nd7 11. O-O Nc5 12. Bb1 Qc7 13. Bf4 h6 14. Ne4 Nxe4 15.
Bxe4 g5 16. Bg3 Bd7 17. Rac1 Qb6 18. Rfd1 Rd8 19. Rc3 h5 20. h4 g4 21. Ne1 Qa5
22. a3 Qb6 23. b4 Na7 24. Nc2 Bc6 25. Rcd3 Rxd3 26. Qxd3 Bxe4 27. Qxe4 Nb5 28.
Qc4 Qc7 29. Ne3 Qxc4 30. Nxc4 Nc3 31. Re1 O-O 32. f3 b5 33. Nd6 gxf3 34. gxf3
Ra8 35. Bf2 a5 36. Bd4 axb4 37. axb4 Nd5 38. Re4 Nxb4 39. Nxb5 Ra2 40. Nc3 Rd2
41. Ne2 Nc2 42. Bf2 Kh7 43. Nf4 Kh6 1/2-1/2

[Event "XV C.to Mondiale seniores femminile"]
[Site "Lignano Sabbiadoro ITA"]
[Date "2005.10.02"]
[Round "4"]
[White "Epstein, Esther"]
[Black "Erenska-Barlo, Hanna"]
[Result "0-1"]
[WhiteElo "2173"]
[BlackElo "2247"]
[PlyCount "166"]
[EventDate "2005.09.28"]

1. e4 c5 2. c3 e6 3. d4 d5 4. e5 Bd7 5. Nf3 Qb6 6. Bd3 Bb5 7. dxc5 Bxc5 8. O-O
Nd7 9. b4 Bxd3 10. Qxd3 Be7 11. a4 Qc7 12. Re1 Rc8 13. Qd4 a6 14. Qg4 g6 15. h3
h5 16. Qd4 Nb8 17. Bf4 Nh6 18. Bxh6 Rxh6 19. Qe3 Rh8 20. Nd4 Nc6 21. Nxc6 Qxc6
22. a5 Kf8 23. Ra3 Kg7 24. Nd2 Rc7 25. Nf3 Rhc8 26. Nd4 Qe8 27. g3 Rc4 28. Qd2
Qd8 29. Re3 h4 30. Kg2 Qh8 31. f4 Qh6 32. Ra1 hxg3 33. Rxg3 Bh4 34. Rf3 Kh7 35.
Rg1 Bd8 36. Kh2 Bc7 37. Rg2 Bb8 38. Qe1 Ba7 39. Ne2 Kg7 40. Qg3 Kf8 41. Rd3 Ke7
42. Qe1 Rh8 43. Rg4 Qh5 44. Qg3 Qf5 45. Rf3 Qc2 46. Qg2 Re4 47. Ng3 Qxg2+ 48.
Kxg2 Re1 49. h4 Rg1+ 50. Kh2 Rc1 51. Kh3 Rc8 52. Ne2 Rc2 53. Rg2 Rc4 54. h5
gxh5 55. f5 Rg4 56. f6+ Kd7 57. Nf4 Rgxg2 58. Nxg2 Bb8 59. Re3 Rf2 60. Nh4 Rf4
61. Nf3 Re4 62. Rd3 Bxe5 63. Nxe5+ Rxe5 64. c4 Kc6 65. cxd5+ Rxd5 66. Rc3+ Kd7
67. Rc4 Rf5 68. Rd4+ Kc6 69. Rc4+ Kd6 70. Rd4+ Kc7 71. Rc4+ Kb8 72. Kh4 Rxf6
73. Kxh5 Rf1 74. Kg5 e5 75. Rc5 f6+ 76. Kg6 e4 77. b5 axb5 78. Rxb5 Kc7 79. Rb6
e3 80. Re6 Rf3 81. Kh5 f5 82. Kg5 f4 83. Kg4 Rf2 0-1

[Event "XV C.to Mondiale seniores femminile"]
[Site "Lignano Sabbiadoro ITA"]
[Date "2005.10.02"]
[Round "4"]
[White "Kabanova, Irina"]
[Black "Hoose, Hannelore"]
[Result "1-0"]
[WhiteElo "2046"]
[BlackElo "1871"]
[PlyCount "61"]
[EventDate "2005.09.28"]

1. e4 e6 2. d4 d5 3. Nd2 dxe4 4. Nxe4 Nd7 5. Bd3 Ngf6 6. Nxf6+ Nxf6 7. Nf3 c6
8. O-O Be7 9. c3 h6 10. Ne5 O-O 11. Re1 Qc7 12. Qf3 Bd6 13. Bxh6 Ne8 14. Bf4 f6
15. Ng6 Bxf4 16. Nxf4 e5 17. Bc4+ Rf7 18. dxe5 fxe5 19. Bxf7+ Qxf7 20. Rxe5 Nf6
21. Rae1 Bd7 22. b3 Re8 23. Rxe8+ Bxe8 24. c4 Qd7 25. Qe3 Bf7 26. h3 g5 27. Ne6
Nh7 28. Nxg5 Nxg5 29. Qxg5+ Kf8 30. Qh6+ Kg8 31. Re3 1-0

[Event "XV C.to Mondiale seniores femminile"]
[Site "Lignano Sabbiadoro ITA"]
[Date "2005.10.03"]
[Round "5"]
[White "Dotan, Valeria"]
[Black "Abdikasova, Panu"]
[Result "1-0"]
[WhiteElo "2009"]
[BlackElo "2041"]
[PlyCount "105"]
[EventDate "2005.09.28"]

1. Nf3 g6 2. g3 b6 3. e4 d6 4. Bg2 Bb7 5. d3 Bg7 6. O-O h6 7. Nc3 e6 8. Be3 Ne7
9. Qd2 Nd7 10. Rab1 Kf8 11. Ne1 Kg8 12. f4 Kh7 13. Nf3 Rf8 14. h3 Rb8 15. Kh2
a6 16. g4 f5 17. Nd4 Bxd4 18. Bxd4 fxg4 19. hxg4 Nf6 20. Bh3 Bc8 21. Bf2 Bd7
22. Rg1 Rf7 23. Bh4 Qf8 24. Rbf1 Re8 25. Bxf6 Rxf6 26. e5 Rf7 27. Ne4 Ng8 28.
g5 h5 29. Nf6+ Nxf6 30. gxf6 Qh6 31. Rg5 Rg8 32. Rfg1 d5 33. Bg2 Rff8 34. Bf3
Be8 35. Qg2 Bf7 36. Rh1 Rh8 37. Kg1 h4 38. Rh3 Re8 39. Qh1 Kg8 40. c3 Kf8 41.
Rg4 g5 42. Rxg5 Qh7 43. Rg7 Rg8 44. Rxh4 Qxd3 45. Qg2 Bg6 46. Rxg8+ Kxg8 47. f5
Qxf5 48. Rh6 Kf7 49. Rh7+ Kf8 50. Bh5 Qb1+ 51. Kh2 Qf5 52. Qxg6 Qxe5+ 53. Kg2
1-0

[Event "XV C.to Mondiale seniores femminile"]
[Site "Lignano Sabbiadoro ITA"]
[Date "2005.10.03"]
[Round "5"]
[White "Epstein, Esther"]
[Black "Fatalibekova, Elena"]
[Result "0-1"]
[WhiteElo "2173"]
[BlackElo "2302"]
[PlyCount "104"]
[EventDate "2005.09.28"]

1. e4 c5 2. c3 d6 3. d4 Nf6 4. Bd3 g6 5. Nf3 Bg7 6. O-O O-O 7. Bg5 Nc6 8. d5
Nb8 9. h3 e6 10. c4 exd5 11. exd5 h6 12. Bd2 Nbd7 13. Bc3 Re8 14. Re1 Rxe1+ 15.
Qxe1 b5 16. b3 Bb7 17. a4 b4 18. Bb2 Qf8 19. Nbd2 Re8 20. Qf1 Ne5 21. Nxe5 dxe5
22. Re1 Nd7 23. f4 exf4 24. Rxe8 Qxe8 25. Bxg7 Qe3+ 26. Qf2 Kxg7 27. Qxe3 fxe3
28. Nf1 Kf6 29. Nxe3 Ke5 30. Nc2 f5 31. Kf2 g5 32. g3 f4 33. gxf4+ Kxf4 34. Ne1
Nf6 35. Ng2+ Ke5 36. Ke3 Nxd5+ 37. cxd5 Bxd5 38. Ne1 Bxb3 39. Bb5 Be6 40. h4
gxh4 41. Nf3+ Kd5 42. Nxh4 c4 43. Ng2 Ke5 44. Kd2 Kd4 45. Nf4 c3+ 46. Kc1 Bf5
47. Be8 b3 48. Ne2+ Kc4 49. Bf7+ Kd3 50. Bxb3 Kxe2 51. Bd5 Ke3 52. a5 Bg6 0-1

[Event "XV C.to Mondiale seniores femminile"]
[Site "Lignano Sabbiadoro ITA"]
[Date "2005.10.03"]
[Round "5"]
[White "Hoose, Hannelore"]
[Black "Dragasevic Georgieva, Antonina"]
[Result "0-1"]
[WhiteElo "1871"]
[BlackElo "2148"]
[PlyCount "164"]
[EventDate "2005.09.28"]

1. e4 c5 2. Nc3 Nc6 3. g3 g6 4. Bg2 Bg7 5. d3 e6 6. f4 d6 7. Nf3 Nge7 8. O-O
Rb8 9. Ne2 O-O 10. c3 b6 11. Kh1 Qc7 12. Be3 f5 13. Qc2 Bd7 14. Rad1 h6 15. Nh4
Nd8 16. d4 Bb5 17. exf5 gxf5 18. Rf2 Bc6 19. Ng1 Bxg2+ 20. Rxg2 Nd5 21. Qf2 Nf6
22. Qf3 Kh7 23. Nh3 Ng4 24. Re2 Bf6 25. Ng2 Qf7 26. Ng1 Rg8 27. dxc5 dxc5 28.
Red2 Rg7 29. Ne1 Qb7 30. Qxb7 Rbxb7 31. Ng2 Nf7 32. Rd7 Nh8 33. Rxb7 Rxb7 34.
Nf3 Nf7 35. Bg1 Be7 36. Ne3 h5 37. Kg2 Kg7 38. h3 Nxe3+ 39. Bxe3 Kf6 40. h4 Nd6
41. Ne5 Bf8 42. Kf3 Rg7 43. Bf2 Rc7 44. b3 Be7 45. Be1 Ne4 46. c4 Bd6 47. Nd3
Rg7 48. Nc1 e5 49. fxe5+ Bxe5 50. Ne2 Ke6 51. Rd3 Rg4 52. Rd1 Rg8 53. Rd3 a6
54. Rd1 b5 55. Rc1 Rd8 56. Rc2 Rd3+ 57. Kg2 b4 58. Bf2 Bd6 59. Be1 f4 60. gxf4
Kf5 61. Ng3+ Nxg3 62. Bxg3 Kg4 63. Be1 Bxf4 64. Re2 Rh3 65. Bf2 Rh2+ 66. Kf1
Kf3 67. Rc2 Rh1+ 68. Bg1 Be3 69. Rg2 Rxg1+ 70. Rxg1 Bxg1 71. Kxg1 Kg3 72. Kh1
Kxh4 73. Kh2 Kg4 74. Kg2 h4 75. Kh2 h3 76. Kh1 Kg3 77. Kg1 Kf3 78. Kh2 Kg4 79.
Kg1 Kg3 80. Kh1 a5 81. Kg1 h2+ 82. Kh1 Kh3 0-1

[Event "XV C.to Mondiale seniores femminile"]
[Site "Lignano Sabbiadoro ITA"]
[Date "2005.10.03"]
[Round "5"]
[White "Shestoperova, Aleksandra S."]
[Black "Dekic, Biljana N."]
[Result "1-0"]
[WhiteElo "2167"]
[BlackElo "2134"]
[PlyCount "143"]
[EventDate "2005.09.28"]

1. d4 Nf6 2. Nf3 g6 3. c4 Bg7 4. Nc3 d6 5. Bg5 Nbd7 6. e3 O-O 7. Be2 c6 8. Qc2
Qc7 9. O-O Re8 10. Rad1 Nf8 11. d5 Bd7 12. Rc1 h6 13. Bh4 c5 14. Rfd1 N6h7 15.
e4 g5 16. Bg3 h5 17. h4 g4 18. Nh2 Ng6 19. f3 Qc8 20. fxg4 hxg4 21. Rf1 Bd4+
22. Kh1 Nf6 23. Rxf6 Bxf6 24. h5 Nf8 25. Rf1 Nh7 26. Qd1 Kh8 27. Nxg4 Bg5 28.
e5 Bf5 29. Nf2 dxe5 30. Bxe5+ f6 31. Bh2 Bd7 32. Nfe4 Be3 33. d6 Bd4 34. dxe7
Rxe7 35. Nd6 Qg8 36. Bf3 Bc6 37. Nd5 Bxd5 38. Bxd5 Qg5 39. Nf7+ Rxf7 40. Bxf7
Qh4 41. Qe1 Qxe1 42. Rxe1 Bxb2 43. Rb1 Bd4 44. Rxb7 Ng5 45. Bd5 Re8 46. Rb8
Rxb8 47. Bxb8 a5 48. a4 f5 49. Ba7 Ne4 50. Bb6 Ng3+ 51. Kh2 Nxh5 52. Bxa5 Be5+
53. Kg1 Nf4 54. Bb6 Bd4+ 55. Kf1 Nd3 56. a5 Nb4 57. Bb7 Nc2 58. Ke2 Nb4 59. a6
Nxa6 60. Bxa6 Kg7 61. Kf3 Kf6 62. Bc7 Bg1 63. Bc8 Kg5 64. Bf4+ Kf6 65. Be3 Bh2
66. Bxc5 Kg5 67. Be7+ Kg6 68. c5 Bg1 69. Kf4 Kf7 70. Bd6 Kf6 71. Bxf5 Bh2+ 72.
Ke4 1-0

[Event "XV C.to Mondiale seniores femminile"]
[Site "Lignano Sabbiadoro ITA"]
[Date "2005.10.04"]
[Round "6"]
[White "Dragasevic Georgieva, Antonina"]
[Black "Abdikasova, Panu"]
[Result "1-0"]
[WhiteElo "2148"]
[BlackElo "2041"]
[PlyCount "85"]
[EventDate "2005.09.28"]

1. e4 b6 2. g3 Bb7 3. Bg2 d6 4. f4 Nf6 5. d3 Nbd7 6. Nf3 e6 7. O-O Be7 8. Nc3
O-O 9. h3 Kh8 10. Ne2 c5 11. g4 Rc8 12. c4 Ne8 13. Ng3 Qc7 14. Qe1 Nef6 15. f5
Rfe8 16. Ng5 exf5 17. Nxf7+ Kg8 18. Rxf5 Kxf7 19. g5 Kg8 20. gxf6 Bxf6 21. Nh5
Bd4+ 22. Be3 Bxb2 23. Rb1 Be5 24. Qh4 Qd8 25. Qg4 Qe7 26. Rbf1 Rf8 27. Bg5 Qe8
28. Bf6 g6 29. Bxe5 dxe5 30. Rxf8+ Qxf8 31. Rxf8+ Nxf8 32. Nf6+ Kg7 33. Nd5 Rd8
34. h4 Bc8 35. Qg3 Nd7 36. Bh3 Re8 37. h5 Kh6 38. hxg6 hxg6 39. Qh4+ Kg7 40.
Bxd7 Bxd7 41. Qf6+ Kh6 42. Ne7 Ba4 43. Qxg6# 1-0

[Event "XV C.to Mondiale seniores femminile"]
[Site "Lignano Sabbiadoro ITA"]
[Date "2005.10.04"]
[Round "6"]
[White "Fatalibekova, Elena"]
[Black "Saunina, Ludmila"]
[Result "0-1"]
[WhiteElo "2302"]
[BlackElo "2279"]
[PlyCount "154"]
[EventDate "2005.09.28"]

1. Nf3 d5 2. d4 c5 3. c4 dxc4 4. e3 e6 5. Bxc4 a6 6. O-O Nf6 7. dxc5 Qxd1 8.
Rxd1 Bxc5 9. b3 b5 10. Be2 Nbd7 11. Bb2 Bb7 12. Nbd2 Ke7 13. Rac1 Rac8 14. Nd4
Rc7 15. b4 Bd6 16. Rxc7 Bxc7 17. Rc1 Rc8 18. Bf3 Nd5 19. a3 Ne5 20. Be2 Kd7 21.
N2b3 Bd6 22. Nc5+ Bxc5 23. bxc5 Ng6 24. g3 f6 25. Bf3 Bc6 26. Nb3 Nde7 27. Rd1+
Ke8 28. e4 Rd8 29. Rxd8+ Kxd8 30. Nd4 Nf8 31. Nxc6+ Nxc6 32. Be2 Nd7 33. a4
bxa4 34. Ba3 Nd4 35. Bd1 Nb3 36. c6 Ne5 37. Be2 Nxc6 38. Bxa6 Nbd4 39. Bd3 Ne5
40. Bb1 Kd7 41. Bf8 g6 42. f4 Nef3+ 43. Kf2 Nxh2 44. Ke3 e5 45. fxe5 fxe5 46.
Ba2 Ng4+ 47. Kd2 Nb3+ 48. Kc3 Nd4 49. Bc4 Nc6 50. Bb4 Nd4 51. Bc5 a3 52. Bxa3
Nf2 53. Bf8 Nxe4+ 54. Kd3 Nxg3 55. Bg7 Nc6 56. Bg8 h5 57. Bf6 Ne7 58. Bf7 Kd6
59. Bg5 Kd7 60. Bf6 e4+ 61. Ke3 Ngf5+ 62. Kf4 e3 63. Kf3 h4 64. Bxh4 Nxh4+ 65.
Kxe3 g5 66. Bh5 Nhf5+ 67. Kf3 Ke6 68. Kf2 Ke5 69. Bd1 Kf4 70. Bh5 Ng3 71. Bd1
Nef5 72. Ba4 Ne4+ 73. Kg1 g4 74. Bd7 g3 75. Bc8 Ne3 76. Bb7 Nd2 77. Bh1 Nf3+
0-1